000 00374pab a2200133 454500
008 180718b1987 xxu||||| |||| 00| 0 eng d
100 _aWeeramantry, C.G.
245 _aTraffic in armaments
_bA blind spot in human rights and international law
260 _c1987
300 _a68-90
650 _aArmaments, Limitation Of
773 _aDevelopment and Dialogue
909 _a3996
999 _c3996
_d3996